000 00759nam a2200181Ia 4500
008 151202s9999||||xx |||||||||||||| ||und||
082 _bPNVM-516
100 _aपरांजपे शिवराम महादेव.
245 _aकाळांतील निवडक निबंध भाग - 1.
260 _bय.गो.जोशी प्रका.पुणे.
260 _c0
300 _a0
600 _aपरांजपे शिवराम महादेव.
630 _aकाळांतील निवडक निबंध भाग - 1.
700 _aपरांजपे शिवराम महादेव.
730 _aकाळांतील निवडक निबंध भाग - 1.
942 _cBOOK
999 _c1266514
_d1266511